Male sterility in higher plants (Record no. 39851)

MARC details
000 -LEADER
fixed length control field 00371nam a2200133Ia 4500
082 ## - DEWEY DECIMAL CLASSIFICATION NUMBER
Classification number 582.4
Item number KAU
100 ## - MAIN ENTRY--AUTHOR NAME
Personal name Mohan L H
245 #0 - TITLE STATEMENT
Title Male sterility in higher plants
260 ## - PUBLICATION, DISTRIBUTION, ETC. (IMPRINT)
Place of publication London
Name of publisher Springer Verlag
Year of publication 1988
490 ## - SERIES STATEMENT
Series statement Monographs on theoretical and applied genetics 10
650 ## - SUBJECT ADDED ENTRY--TOPICAL TERM
Topical Term Male sterility
942 ## - ADDED ENTRY ELEMENTS (KOHA)
Koha item type Books
Holdings
Withdrawn status Lost status Damaged status Not for loan Home library Current library Date acquired Cost, normal purchase price Full call number Accession Number Koha item type
        RRII Library RRII Library 16/12/2021 378.00 582.4 KAU 20169 Books